Técnica y civilización
Guardat en:
| Autor principal: | |
|---|---|
| Format: | Llibre |
| Idioma: | espanyol |
| Publicat: |
Buenos Aires
Emecé
1945
|
| Col·lecció: | Grandes Ensayistas
|
| Matèries: | |
| Etiquetes: |
Afegir etiqueta
Sense etiquetes, Sigues el primer a etiquetar aquest registre!
|
MARC
| LEADER | 00000nam a2200000 a 4500 | ||
|---|---|---|---|
| 001 | UCV8494 | ||
| 003 | CL-VaPUC | ||
| 008 | 910830e19450000AG |||||||||||||||||spa|d | ||
| 082 | 0 | 4 | |a 609 |b MUM |2 21 |
| 100 | |a Mumford, Lewis |e autor |9 869690 | ||
| 245 | 1 | 0 | |a Técnica y civilización |
| 300 | |a 2 v | ||
| 942 | |c BK | ||
| 945 | |d 19910830 00:00:00 | ||
| 260 | |a Buenos Aires |b Emecé |c 1945 | ||
| 650 | 7 | |a DESARROLLO TECNOLOGICO |2 CL-VaPUC |9 259800 | |
| 650 | 7 | |a INVENTOS |2 CL-VaPUC |9 266077 | |
| 650 | 0 | |a Aspectos sociales |9 254894 | |
| 583 | |a last modification |c 20160920 01:26:15 |k Rodrigo Vera | ||
| 490 | 0 | |a Grandes Ensayistas | |
| 999 | |c 214004 |d 214002 | ||
| 952 | |0 0 |1 0 |4 0 |6 609_000000000000000_MUM_1945 |7 0 |8 A |9 196981 |a BIBARQ |b BIBARQ |d 2019-11-14 |h v.1 |i 2647311 |o 609 MUM 1945 |p 2647311 |r 2024-01-16 |w 2019-11-14 |y BK |k ARQ | ||
| 952 | |0 0 |1 0 |4 0 |6 609_000000000000000_MUM_1945 |7 0 |8 A |9 196982 |a BIBARQ |b BIBARQ |d 2019-11-14 |h v.2 |i 264732K |l 9 |o 609 MUM 1945 |p 264732K |r 2025-01-20 |s 2022-10-13 |w 2019-11-14 |y BK |k ARQ | ||
| 952 | |0 0 |1 0 |4 0 |6 609_000000000000000_MUM_1945 |7 0 |8 X |9 196983 |a BIBHIS |b BIBHIS |d 2019-11-14 |h v.1 |i 1361538 |o 609 MUM 1945 |p 1361538 |r 2025-01-20 |w 2019-11-14 |y BK_X |k HIS | ||